000
00193nam a22000977a 4500
041
_a
eng
080
_a
80
100
_a
Bright, William
245
_a
Language. Vol. 59, №3, 1983
999
_c
282241
_d
282241
942
_c
BK